My Gita (Record no. 47354)

MARC details
000 -LEADER
fixed length control field 00521nam a22001697a 4500
005 - DATE AND TIME OF LATEST TRANSACTION
control field 20260317140929.0
008 - FIXED-LENGTH DATA ELEMENTS--GENERAL INFORMATION
fixed length control field 260317b |||||||| |||| 00| 0 eng d
020 ## - INTERNATIONAL STANDARD BOOK NUMBER
International Standard Book Number 9788129137708
040 ## - CATALOGING SOURCE
Transcribing agency VITAP
082 ## - DEWEY DECIMAL CLASSIFICATION NUMBER
Edition number 23rd Ed.
Classification number 294.544 PAT
100 ## - MAIN ENTRY--PERSONAL NAME
Personal name Pattanaik, Devdutt
9 (RLIN) 17271
245 ## - TITLE STATEMENT
Title My Gita
Statement of responsibility, etc. / Devdutt Pattanaik
260 ## - PUBLICATION, DISTRIBUTION, ETC.
Place of publication, distribution, etc. New Delhi
Name of publisher, distributor, etc. Rupa Publications India Pvt. Ltd.
Date of publication, distribution, etc. 2021
300 ## - PHYSICAL DESCRIPTION
Extent 248p. : ill. ; 20cm
650 #0 - SUBJECT ADDED ENTRY--TOPICAL TERM
Topical term or geographic name entry element Self-realization - Religious aspects; Hindu mythology
9 (RLIN) 17272
942 ## - ADDED ENTRY ELEMENTS (KOHA)
Source of classification or shelving scheme Dewey Decimal Classification
Koha item type Reference Book
Holdings
Withdrawn status Lost status Source of classification or shelving scheme Materials specified (bound volume or other part) Damaged status Not for loan Collection code Home library Current library Shelving location Date acquired Source of acquisition Cost, normal purchase price Inventory number Total Checkouts Full call number Barcode Date last seen Cost, replacement price Price effective from Koha item type Public note
    Dewey Decimal Classification Paper Back     Reference School of Business & General Section VIT-AP Reference 2026-03-16 Donated by PRAGYA MITTAL (24BCE8020) 0.00 DB1   294.544 PAT 025668 2026-03-17 0.00 2026-03-16 Reference Book GEN

Visitor Number: